000
00493nam a2200181Ia 4500
008
100917s9999 xx 000 0 und d
082
_b
62883
100
_a
ेमेहेता शशिकला
245
_a
अद्वैत
260
_b
स्मिता प्रकाशन
_c
1983
300
_a
176
365
_b
30
520
_a
कादंबरी
630
_a
अद्वैत
650
_a
कादंबरी
730
_a
अद्वैत
942
_c
BOOK
999
_c
668277
_d
668274